000 00584nam a2200169Ia 4500
003 GCL
008 140319s9999 xx 000 0 ara d
040 _aGCL /
_cGCL
082 0 4 _a327.116
_bت ق
100 1 _aتشوسكى، نوعام
245 1 0 _aقراصنة واباطرة : الارهاب الدولى فى العالم الحقيقى /
_cتشوسكى، نوعام
300 _a180 ص
490 _aالهيئة العامة للاستعلامات
_v0
650 0 4 _aالنزاع العربى الاسرائيلى
650 0 4 _aالارهاب الدولى
942 _2ddc
_cBK
999 _c48508
_d48508